[Event "Excelsior October op"]
[Site "Toronto CAN"]
[Date "2023.10.28"]
[Round "3.10"]
[White "Wang, Andy"]
[Black "Ganea, Mihai"]
[Result "1-0"]
[WhiteElo "1984"]
[BlackElo "2103"]
[PlyCount "109"]
[EventDate "2023.10.27"]
[EventType "swiss"]
[EventRounds "5"]
[EventCountry "CAN"]

1. e4 e6 2. d4 d5 3. Nc3 Bb4 4. exd5 exd5 5. Bd3 Nc6 6. Nge2 Bg4 7. f3 Be6 8.
O-O Nge7 9. Re1 O-O 10. Nf4 Nxd4 11. Bxh7+ Kxh7 12. Qxd4 Qd6 13. Nxe6 fxe6 14.
Be3 e5 15. Qd3+ Qg6 16. a3 Bxc3 17. bxc3 b6 18. Rad1 c6 19. a4 Nf5 20. Bf2 Rfe8
21. c4 d4 22. Re4 Kg8 23. Rde1 Qf6 24. f4 c5 25. g4 Qg6 26. fxe5 Re6 27. Rf4
Nh6 28. Qxg6 Rxg6 29. h3 Re8 30. Bg3 Nf7 31. Kg2 Rxe5 32. Rfe4 Rxe4 33. Rxe4
Nd6 34. Bxd6 Rxd6 35. Re7 Kf8 36. Rxa7 Re6 37. a5 bxa5 38. Rxa5 Re2+ 39. Kf3
Rxc2 40. Rxc5 Rc3+ 41. Ke4 d3 42. Ke3 d2+ 43. Kxd2 Rxh3 44. Re5 Kf7 45. c5 Kf6
46. Re4 Ra3 47. c6 Ra7 48. Rc4 Rc7 49. Kc3 Ke5 50. Kb4 Kd5 51. Kb5 Rc8 52. c7
g5 53. Rc1 Ke4 54. Kb6 Kf3 55. Rc4 1-0

[Event "Excelsior October op"]
[Site "Toronto CAN"]
[Date "2023.10.28"]
[Round "3.11"]
[White "Zhong, Ryan Yunhui"]
[Black "Maulucci, Anthony"]
[Result "1/2-1/2"]
[WhiteElo "2057"]
[BlackElo "2019"]
[PlyCount "113"]
[EventDate "2023.10.27"]
[EventType "swiss"]
[EventRounds "5"]
[EventCountry "CAN"]

1. e4 e6 2. d4 d5 3. Nd2 c5 4. exd5 Qxd5 5. Ngf3 cxd4 6. Bc4 Qd6 7. O-O Nf6 8.
Nb3 Nc6 9. Nbxd4 Nxd4 10. Nxd4 a6 11. c3 Qc7 12. Bb3 Bd6 13. h3 Bh2+ 14. Kh1
Bf4 15. Ba4+ Bd7 16. Bxd7+ Nxd7 17. Qg4 Be5 18. Be3 O-O 19. f4 Bf6 20. f5 e5
21. Nf3 Rad8 22. Rad1 b5 23. Nd2 Nc5 24. Bxc5 Qxc5 25. Ne4 Qe7 26. Qf3 h6 27.
Rf2 Rxd1+ 28. Qxd1 Rd8 29. Rd2 Rxd2 30. Qxd2 Qd8 31. Qxd8+ Bxd8 32. b4 Bb6 33.
f6 gxf6 34. Nxf6+ Kg7 35. Nd5 Bd8 36. g4 Kg6 37. Kg2 f5 38. Ne3 fxg4 39. hxg4
e4 40. c4 bxc4 41. Nxc4 Kg5 42. Nd6 Kf4 43. a3 Ke3 44. Nb7 Bh4 45. Nc5 Kf4 46.
Kf1 Kf3 47. Nb3 Bf6 48. a4 Bb2 49. Nd2+ Kf4 50. Nc4 Bd4 51. b5 axb5 52. axb5
Kxg4 53. b6 Bxb6 54. Nxb6 Kf3 55. Nc4 h5 56. Nd2+ Ke3 57. Nxe4 1/2-1/2

[Event "Excelsior October op"]
[Site "Toronto CAN"]
[Date "2023.10.29"]
[Round "4.3"]
[White "Ajith, Aayush"]
[Black "Latorre, Vincent"]
[Result "1/2-1/2"]
[WhiteElo "2131"]
[BlackElo "2262"]
[PlyCount "71"]
[EventDate "2023.10.27"]
[EventType "swiss"]
[EventRounds "5"]
[EventCountry "CAN"]

1. d4 Nf6 2. c4 e6 3. Nf3 c5 4. d5 exd5 5. cxd5 g6 6. Nc3 d6 7. Bf4 Bg7 8. h3
O-O 9. e3 Qe7 10. Nd2 Nbd7 11. Nc4 Ne8 12. Bd3 Ne5 13. Bxe5 Bxe5 14. Nxe5 Qxe5
15. Qb3 f5 16. Ne2 Nf6 17. O-O-O a6 18. Qc3 Qxc3+ 19. bxc3 b5 20. c4 Bd7 21.
Nf4 Rab8 22. cxb5 axb5 23. f3 Rfe8 24. Rhe1 c4 25. Bb1 Ra8 26. g4 fxg4 27. hxg4
Kg7 28. g5 Ng8 29. Ng2 Ra3 30. Rd4 Ne7 31. Kb2 Rea8 32. Nh4 c3+ 33. Kc1 Rc8 34.
Re2 b4 35. Rxb4 Nxd5 36. Rb7 1/2-1/2

[Event "Excelsior October op"]
[Site "Toronto CAN"]
[Date "2023.10.29"]
[Round "4.4"]
[White "Qian, Eric"]
[Black "Malakar, Saarthak"]
[Result "0-1"]
[WhiteElo "1972"]
[BlackElo "2007"]
[PlyCount "132"]
[EventDate "2023.10.27"]
[EventType "swiss"]
[EventRounds "5"]
[EventCountry "CAN"]

1. Nf3 d5 2. c4 c6 3. g3 Nf6 4. Bg2 Bf5 5. O-O e6 6. b3 Be7 7. Bb2 h6 8. d3
Nbd7 9. Nbd2 O-O 10. Bc3 Qc7 11. b4 dxc4 12. dxc4 c5 13. b5 a6 14. a4 Rfd8 15.
Qb3 Ne4 16. Bb2 Bf6 17. Rfd1 axb5 18. axb5 Rxa1 19. Rxa1 b6 20. Rd1 Bxb2 21.
Qxb2 Ndf6 22. Ra1 Qd6 23. Nf1 Ng4 24. Nh4 Ngxf2 25. Nxf5 exf5 26. Ne3 Qd4 27.
Qxd4 Rxd4 28. Rc1 Rd2 29. Kf1 g6 30. h4 Rd6 31. Bf3 h5 32. Ra1 Ng4 33. Nxg4
Nd2+ 34. Kf2 fxg4 35. Bd5 Rf6+ 36. Kg2 Nb3 37. Ra8+ Kg7 38. e3 Nd2 39. Rc8 Nf1
40. Re8 Rf5 41. Bc6 f6 42. Re7+ Kh6 43. Bd5 g5 44. Be4 Nxe3+ 45. Kh2 Rf2+ 46.
Kg1 Rf1+ 47. Kh2 f5 48. Re6+ Kg7 49. Bd3 Rf2+ 50. Kh1 Nf1 51. Kg1 Rf3 52. Bxf1
Rxg3+ 53. Kh2 gxh4 54. Rxb6 Rf3 55. Bg2 Rf2 56. Kg1 g3 57. Ra6 Rb2 58. Ra1 Kf6
59. Re1 Kg5 60. Rf1 f4 61. Bh3 Rh2 62. b6 Rb2 63. Rd1 f3 64. Rd5+ Kf4 65. Rxc5
Rb1+ 66. Bf1 g2 0-1

[Event "Excelsior October op"]
[Site "Toronto CAN"]
[Date "2023.10.29"]
[Round "4.5"]
[White "Campbell, Ryan"]
[Black "Singh Dhaliwal, Jaipreet"]
[Result "1/2-1/2"]
[WhiteElo "2260"]
[BlackElo "2105"]
[PlyCount "165"]
[EventDate "2023.10.27"]
[EventType "swiss"]
[EventRounds "5"]
[EventCountry "CAN"]

1. e4 c5 2. Nf3 d6 3. d4 cxd4 4. Nxd4 Nf6 5. Nc3 a6 6. Be2 e5 7. Nb3 Be6 8. f4
exf4 9. Bxf4 Nc6 10. Nd4 Ne5 11. Nxe6 fxe6 12. Qd4 Qc7 13. Rd1 Rc8 14. Qa4+ Kf7
15. Qb3 Be7 16. O-O h5 17. Kh1 b5 18. a4 bxa4 19. Qxa4 Qb6 20. Bxe5 dxe5 21.
Qa2 Rc6 22. Bc4 Rb8 23. Bb3 Rd8 24. Rxd8 Qxd8 25. Nd5 Qd6 26. Qa4 Rc8 27. Nxf6
Bxf6 28. Bc4 Rc6 29. b3 Rb6 30. Be2 Qd4 31. c4 g6 32. Rd1 Qc5 33. Qd7+ Qe7 34.
Qd3 Rb8 35. Rf1 Kg7 36. Qc2 Qc5 37. g4 hxg4 38. Bxg4 Qe3 39. Rf3 Qe1+ 40. Kg2
Rd8 41. Rf2 Bg5 42. Qe2 Qc3 43. Qf3 Qxf3+ 44. Rxf3 Rd2+ 45. Kg1 Bf4 46. Rc3 Rd6
47. Kf2 Kf6 48. Be2 Bd2 49. Rc2 Bb4 50. Kf3 a5 51. h3 Bc5 52. Ra2 Bb4 53. Ra1
Rb6 54. Rb1 Bc5 55. Bd3 Rb8 56. Kg4 Rd8 57. Rf1+ Kg7 58. Rf3 Rb8 59. Be2 Rd8
60. Bd3 Rb8 61. Bf1 Rd8 62. Kg3 Rd2 63. Rd3 Rxd3+ 64. Bxd3 Kf6 65. Be2 Bd4 66.
Bg4 Bc5 67. Kf3 Bd4 68. Ke2 Bc5 69. Kd3 Ke7 70. h4 Bf2 71. h5 gxh5 72. Bxh5 Kd6
73. Bf7 Bc5 74. Ke2 Ke7 75. Bh5 Bb4 76. Kf3 Bc5 77. Kg4 Kf6 78. Be8 Bb4 79. Bd7
Bc5 80. Kf3 Ke7 81. Bc8 Bb4 82. Ke3 Bc5+ 83. Kd3 1/2-1/2

[Event "Excelsior October op"]
[Site "Toronto CAN"]
[Date "2023.10.29"]
[Round "4.6"]
[White "Zhao, Jifan"]
[Black "Joseph, Jonath"]
[Result "0-1"]
[WhiteElo "2036"]
[BlackElo "2110"]
[PlyCount "84"]
[EventDate "2023.10.27"]
[EventType "swiss"]
[EventRounds "5"]
[EventCountry "CAN"]

1. e4 e5 2. Nf3 Nc6 3. Bb5 a6 4. Ba4 d6 5. c3 f5 6. exf5 Bxf5 7. Bc2 Bxc2 8.
Qxc2 Be7 9. d4 Nf6 10. dxe5 dxe5 11. Be3 O-O 12. Nbd2 Qd5 13. Qb3 a5 14. O-O-O
a4 15. Qxd5+ Nxd5 16. Nc4 Nxe3 17. fxe3 a3 18. b4 e4 19. Nfe5 Nxe5 20. Nxe5 Rf2
21. Rd2 Rxd2 22. Kxd2 Bf6 23. Ng4 Rd8+ 24. Kc2 Rd3 25. Nxf6+ gxf6 26. Re1 b5
27. Re2 Kf7 28. g3 h5 29. Rd2 Rxe3 30. Rd7+ Ke6 31. Rxc7 Re2+ 32. Kb3 e3 33.
Rc6+ Ke7 34. Rc7+ Kd6 35. Rc8 Rxh2 36. Re8 e2 37. Kxa3 f5 38. Kb3 h4 39. gxh4
f4 40. c4 Rh3+ 41. Kc2 Re3 42. c5+ Kd7 0-1

[Event "Excelsior October op"]
[Site "Toronto CAN"]
[Date "2023.10.29"]
[Round "4.7"]
[White "Moses, Neil"]
[Black "Leung, Joseph"]
[Result "1-0"]
[WhiteElo "2179"]
[BlackElo "1902"]
[PlyCount "70"]
[EventDate "2023.10.27"]
[EventType "swiss"]
[EventRounds "5"]
[EventCountry "CAN"]

1. e4 c5 2. Nf3 d6 3. d4 cxd4 4. Nxd4 Nf6 5. Nc3 a6 6. Be3 Ng4 7. Bc1 Nf6 8. f3
e5 9. Nb3 Be6 10. Be3 h5 11. Qd2 Nbd7 12. Nd5 Bxd5 13. exd5 b6 14. c4 Qc7 15.
Bd3 g6 16. O-O Bg7 17. Rac1 O-O 18. Na1 Nc5 19. b4 Nxd3 20. Qxd3 Qb7 21. Nb3
Rfd8 22. Rfd1 Rac8 23. a4 Kh7 24. a5 b5 25. cxb5 Qxb5 26. Qxb5 axb5 27. Rc6
Rxc6 28. dxc6 d5 29. Bb6 Rc8 30. c7 d4 31. Nxd4 exd4 32. Rxd4 Ne8 33. Rd8 Rxc7
34. Rxe8 Rb7 35. Bc5 Rb6 1-0

[Event "Excelsior October op"]
[Site "Toronto CAN"]
[Date "2023.10.29"]
[Round "4.8"]
[White "Loadman, Ian"]
[Black "Ruchinskaya, Valerie"]
[Result "0-1"]
[WhiteElo "2098"]
[BlackElo "2157"]
[PlyCount "72"]
[EventDate "2023.10.27"]
[EventType "swiss"]
[EventRounds "5"]
[EventCountry "CAN"]

1. Nf3 d5 2. g3 Bg4 3. Bg2 c6 4. O-O Nd7 5. c4 Ngf6 6. b3 e6 7. Bb2 Bd6 8. d4
O-O 9. Nbd2 Re8 10. Ne5 Bh5 11. Ndf3 a5 12. a3 Ne4 13. Qc2 f6 14. Nxd7 Qxd7 15.
e3 g5 16. Nd2 f5 17. c5 Bc7 18. f4 gxf4 19. exf4 Kh8 20. Nxe4 fxe4 21. Bxe4
dxe4 22. d5+ Kg8 23. Qc3 e5 24. d6 Bxd6 25. cxd6 Qxd6 26. fxe5 Qd3 27. Qc1 e3
28. Re1 e2 29. Qh6 Qf5 30. Qe3 Qc2 31. Bd4 Rad8 32. b4 Qc4 33. Bc5 Qg4 34. bxa5
Rd5 35. Bb4 Rdxe5 36. Qb3+ Bf7 0-1

[Event "Excelsior October op"]
[Site "Toronto CAN"]
[Date "2023.10.29"]
[Round "4.9"]
[White "Wang, Andy"]
[Black "Zhong, April"]
[Result "1/2-1/2"]
[WhiteElo "1984"]
[BlackElo "1919"]
[PlyCount "101"]
[EventDate "2023.10.27"]
[EventType "swiss"]
[EventRounds "5"]
[EventCountry "CAN"]

1. e4 e6 2. d4 d5 3. Nc3 Nf6 4. Bg5 dxe4 5. Nxe4 Nbd7 6. Nf3 h6 7. Nxf6+ Nxf6
8. Bf4 c5 9. dxc5 Qa5+ 10. c3 Qxc5 11. Ne5 a6 12. Qf3 Bd6 13. Nd3 Qc7 14. Qg3
Bxf4 15. Qxg7 Rg8 16. Qxf6 Bg5 17. Qe5 Qe7 18. Qc5 Bd7 19. Qxe7+ Kxe7 20. Ne5
Rad8 21. h4 Bf4 22. Nxd7 Rxd7 23. g3 Bd2+ 24. Ke2 Rgd8 25. Bg2 b5 26. a3 Rd6
27. Rhd1 f5 28. f4 Rd3 29. Bf3 a5 30. a4 b4 31. cxb4 Re3+ 32. Kf2 Rb3 33. b5
Rxb2 34. Rab1 Rc2 35. Be2 Rb8 36. Rb3 Bb4 37. Kf3 Ra2 38. Re3 Rxa4 39. Bc4 Rb6
40. g4 Bc5 41. Rc3 fxg4+ 42. Kxg4 Ra3 43. Rxa3 Bxa3 44. Kh5 Bd6 45. Rf1 Kf6 46.
Kxh6 Rb8 47. Kh5 Rc8 48. Bd3 Rc3 49. Be2 Rc2 50. Bd3 Rc3 51. Be2 1/2-1/2

[Event "Excelsior October op"]
[Site "Toronto CAN"]
[Date "2023.10.29"]
[Round "4.10"]
[White "Maulucci, Anthony"]
[Black "Oancea, Nicolae"]
[Result "1/2-1/2"]
[WhiteElo "2019"]
[BlackElo "2035"]
[PlyCount "179"]
[EventDate "2023.10.27"]
[EventType "swiss"]
[EventRounds "5"]
[EventCountry "CAN"]

1. d4 Nf6 2. c4 g6 3. Nc3 d5 4. cxd5 Nxd5 5. e4 Nxc3 6. bxc3 c5 7. Bc4 Bg7 8.
Ne2 O-O 9. O-O Nc6 10. Be3 Qa5 11. Rb1 a6 12. a4 Rb8 13. Qb3 b5 14. axb5 axb5
15. Bd5 Bd7 16. Bxc6 Bxc6 17. d5 c4 18. Qb4 Qxb4 19. Rxb4 Bd7 20. Bd4 Ra8 21.
Bxg7 Kxg7 22. Nd4 Ra3 23. Rc1 Rfa8 24. Kf1 Ra1 25. Rxa1 Rxa1+ 26. Ke2 Ra2+ 27.
Ke3 Ra3 28. Kd2 Ra2+ 29. Nc2 e6 30. Kc1 exd5 31. Kb1 Ra5 32. exd5 Bf5 33. Kb2
Bxc2 34. Kxc2 Kf6 35. f4 Ke7 36. Rb1 Kd6 37. Kb2 Ra7 38. Re1 Kxd5 39. Re5+ Kc6
40. g4 Rd7 41. Kc2 Rd6 42. f5 Rf6 43. h4 gxf5 44. g5 Re6 45. Rxf5 Re2+ 46. Kc1
Rh2 47. Rxf7 Rxh4 48. g6 hxg6 49. Rf6+ Kd5 50. Rxg6 Ke4 51. Rd6 Rh5 52. Kc2
Rh2+ 53. Kc1 Ke3 54. Rd8 Ra2 55. Rd7 Ra3 56. Kc2 Ra2+ 57. Kc1 Ke2 58. Rd8 Ra6
59. Kc2 Ra2+ 60. Kc1 Ke3 61. Rd7 Ke4 62. Rd8 Ke5 63. Rd7 Ra6 64. Kc2 Rd6 65.
Rb7 Rd5 66. Rb8 Kd6 67. Rh8 Rg5 68. Rh6+ Kc5 69. Rh8 Rg2+ 70. Kc1 Kb6 71. Rb8+
Ka6 72. Ra8+ Kb7 73. Rh8 Rg6 74. Kc2 Kb6 75. Rb8+ Ka5 76. Ra8+ Ra6 77. Rh8 Ra7
78. Kb2 Rb7 79. Ra8+ Kb6 80. Rh8 Rf7 81. Rb8+ Kc6 82. Rc8+ Kb7 83. Rh8 Rf3 84.
Rh6 Rg3 85. Kc2 Rg2+ 86. Kc1 Ra2 87. Rg6 Rh2 88. Rd6 Rh7 89. Kc2 Rc7 90. Rh6
1/2-1/2

[Event "Excelsior October op"]
[Site "Toronto CAN"]
[Date "2023.10.29"]
[Round "4.11"]
[White "Ganea, Mihai"]
[Black "Zhong, Ryan Yunhui"]
[Result "1-0"]
[WhiteElo "2103"]
[BlackElo "2057"]
[PlyCount "65"]
[EventDate "2023.10.27"]
[EventType "swiss"]
[EventRounds "5"]
[EventCountry "CAN"]

1. Nf3 d5 2. c4 dxc4 3. e3 Nf6 4. Bxc4 e6 5. O-O a6 6. a4 c5 7. Qe2 Nc6 8. Rd1
Qc7 9. d4 cxd4 10. exd4 Be7 11. Nc3 Nb4 12. Bg5 O-O 13. Rac1 Qa5 14. Ne5 b6 15.
f4 Bb7 16. Nxf7 Rxf7 17. Qxe6 Raf8 18. Qxe7 Nfd5 19. Qe6 Kh8 20. g3 h6 21. Bh4
Rxf4 22. gxf4 Nxf4 23. Qg4 g5 24. Rf1 h5 25. Rxf4 Rxf4 26. Qxh5+ Kg7 27. Bxg5
Bd5 28. Nxd5 Nxd5 29. Bxd5 Rg4+ 30. Qxg4 Qxd5 31. Bf4+ Kf8 32. Rc8+ Kf7 33.
Rc7+ 1-0

[Event "Excelsior October op"]
[Site "Toronto CAN"]
[Date "2023.10.29"]
[Round "5.1"]
[White "Malakar, Saarthak"]
[Black "Sambuev, Bator"]
[Result "0-1"]
[WhiteElo "2007"]
[BlackElo "2586"]
[PlyCount "82"]
[EventDate "2023.10.27"]
[EventType "swiss"]
[EventRounds "5"]
[EventCountry "CAN"]

1. d4 Nf6 2. Nf3 d5 3. g3 c6 4. Bg2 h6 5. c4 Bf5 6. Nc3 e6 7. Qb3 Qb6 8. c5
Qxb3 9. axb3 Na6 10. O-O Nd7 11. h3 g5 12. g4 Bc2 13. Ra3 e5 14. e3 f6 15. Ne1
Bg6 16. Bd2 h5 17. Nf3 hxg4 18. hxg4 Nc7 19. Rfa1 a6 20. b4 O-O-O 21. Ne2 Nb5
22. Ra5 Be7 23. Nc3 Nc7 24. Ne2 Rde8 25. Be1 Bd8 26. Nd2 Nb5 27. Rxb5 axb5 28.
Ra8+ Kc7 29. e4 dxe4 30. d5 cxd5 31. Nc3 Nf8 32. Nxd5+ Kd7 33. Nxe4 Bxe4 34.
Bxe4 Ne6 35. Bd3 Nd4 36. Bc3 e4 37. Bf1 Nf3+ 38. Kg2 Kc6 39. Rxd8 Rxd8 40. Ne7+
Kc7 41. Bxb5 Rd1 0-1

[Event "Excelsior October op"]
[Site "Toronto CAN"]
[Date "2023.10.29"]
[Round "5.4"]
[White "Latorre, Vincent"]
[Black "Joseph, Jonath"]
[Result "1/2-1/2"]
[WhiteElo "2262"]
[BlackElo "2110"]
[PlyCount "85"]
[EventDate "2023.10.27"]
[EventType "swiss"]
[EventRounds "5"]
[EventCountry "CAN"]

1. e4 e5 2. Nf3 Nc6 3. Bc4 Bc5 4. c3 Nf6 5. d3 d6 6. O-O h6 7. Bb3 a6 8. Nbd2
Ba7 9. Re1 Ne7 10. Nf1 Ng6 11. Ng3 O-O 12. h3 c6 13. d4 Re8 14. Bc2 Bb8 15. Be3
d5 16. Nxe5 Nxe4 17. Bxe4 dxe4 18. Nxg6 fxg6 19. Qb3+ Kh7 20. Rad1 h5 21. d5
Qd6 22. c4 h4 23. c5 Qf6 24. Bd4 Qf4 25. Nf1 cxd5 26. Qxd5 Be5 27. Be3 Qf6 28.
Bc1 Bf5 29. Ne3 Rab8 30. Nc4 Be6 31. Qxe4 Bxc4 32. Qxc4 Bd4 33. Be3 Rbd8 34.
Bxd4 Rxd4 35. Qc2 Qd8 36. b4 Rxe1+ 37. Rxe1 Rxb4 38. Re4 Rxe4 39. Qxe4 Qg5 40.
Qxb7 Qc1+ 41. Kh2 Qf4+ 42. Kg1 Qc1+ 43. Kh2 1/2-1/2

[Event "Excelsior October op"]
[Site "Toronto CAN"]
[Date "2023.10.29"]
[Round "5.5"]
[White "Singh Dhaliwal, Jaipreet"]
[Black "Ajith, Aayush"]
[Result "1/2-1/2"]
[WhiteElo "2105"]
[BlackElo "2131"]
[PlyCount "120"]
[EventDate "2023.10.27"]
[EventType "swiss"]
[EventRounds "5"]
[EventCountry "CAN"]

1. e4 c5 2. Nf3 d6 3. d4 cxd4 4. Nxd4 Nf6 5. Nc3 a6 6. Be3 e5 7. Nb3 Be6 8. f3
Be7 9. Qd2 h5 10. O-O-O Nbd7 11. Kb1 Rc8 12. Nd5 Nxd5 13. exd5 Bf5 14. Bd3 Bxd3
15. Qxd3 Bg5 16. Nd2 Bxe3 17. Qxe3 f5 18. g4 O-O 19. gxf5 Rxf5 20. Rhg1 Nc5 21.
Rg6 Rf4 22. Rdg1 Qf8 23. Rxg7+ Qxg7 24. Rxg7+ Kxg7 25. b3 b5 26. h4 Rg8 27. Kb2
Kh7 28. Ne4 Nxe4 29. fxe4 Rxh4 30. Qa7+ Kh6 31. Qe7 Rxe4 32. Qxd6+ Rg6 33. Qf8+
Rg7 34. d6 Rd4 35. Qf6+ Rg6 36. Qf8+ Kg5 37. Qe7+ Kg4 38. Qd7+ Kg3 39. Qf5
Rdxd6 40. Qxe5+ Kg4 41. Qe2+ Kg5 42. Qe3+ Kf5 43. Qh3+ Kg5 44. Qg3+ Kh6 45.
Qf4+ Kh7 46. Qf7+ Kh6 47. Qf4+ Kh7 48. Qf3 Kh6 49. Qf4+ Kg7 50. Qe5+ Kh6 51.
Qh8+ Kg5 52. Qe5+ Kh6 53. Qf4+ Kg7 54. Qf5 Rh6 55. Qg5+ Kf7 56. Qf5+ Ke7 57.
Qe4+ Kd7 58. Qb7+ Kd8 59. Qa8+ Kd7 60. Qb7+ Kd8 1/2-1/2

[Event "Excelsior October op"]
[Site "Toronto CAN"]
[Date "2023.10.29"]
[Round "5.6"]
[White "Ruchinskaya, Valerie"]
[Black "Campbell, Ryan"]
[Result "1/2-1/2"]
[WhiteElo "2157"]
[BlackElo "2260"]
[PlyCount "143"]
[EventDate "2023.10.27"]
[EventType "swiss"]
[EventRounds "5"]
[EventCountry "CAN"]

1. d4 d5 2. c4 e6 3. Nc3 Be7 4. Nf3 Nf6 5. cxd5 exd5 6. Bg5 c6 7. e3 Bf5 8. Bd3
Bxd3 9. Qxd3 Nbd7 10. Rb1 a5 11. O-O h6 12. Bh4 O-O 13. Rfc1 Re8 14. Bg3 Bf8
15. Ne5 Nxe5 16. Bxe5 Nd7 17. Bf4 Nb6 18. b3 Ba3 19. Re1 Qe7 20. f3 Bb4 21. e4
Qd7 22. e5 a4 23. Bd2 Bxc3 24. Bxc3 axb3 25. axb3 Ra2 26. Ra1 Rea8 27. Rxa2
Rxa2 28. Ra1 Rxa1+ 29. Bxa1 Nc8 30. Bc3 Ne7 31. Bd2 Qf5 32. Qxf5 Nxf5 33. Bc3
g6 34. Kf2 h5 35. g4 hxg4 36. fxg4 Ng7 37. Bd2 Ne6 38. Be3 g5 39. Kg3 Kg7 40.
h4 gxh4+ 41. Kxh4 Kg6 42. Kg3 b6 43. b4 Nc7 44. Kf3 Nb5 45. Ke2 Nc3+ 46. Kd2
Ne4+ 47. Kc2 b5 48. Kd3 Ng3 49. Bf4 Ne4 50. Be3 f5 51. gxf5+ Kxf5 52. Bd2 Nf2+
53. Ke3 Nd1+ 54. Kd3 Nb2+ 55. Ke3 Nc4+ 56. Kd3 Nb6 57. Bh6 Na8 58. Be3 Nc7 59.
Bc1 Kg4 60. Ke3 Kg3 61. Bd2 Ne6 62. Be1+ Kg4 63. Bd2 Ng7 64. Bc1 Nf5+ 65. Kd3
Kf3 66. Bg5 Ng7 67. Be7 Ne6 68. Bc5 Nf4+ 69. Kd2 Ke4 70. Kc3 Ke3 71. Bb6 Ne6
72. Ba7 1/2-1/2

[Event "Excelsior October op"]
[Site "Toronto CAN"]
[Date "2023.10.29"]
[Round "5.7"]
[White "Qian, Eric"]
[Black "Moses, Neil"]
[Result "0-1"]
[WhiteElo "1972"]
[BlackElo "2179"]
[PlyCount "94"]
[EventDate "2023.10.27"]
[EventType "swiss"]
[EventRounds "5"]
[EventCountry "CAN"]

1. Nf3 d5 2. c4 c6 3. g3 Bg4 4. Bg2 Nd7 5. O-O Ngf6 6. b3 e5 7. d3 Bd6 8. Bb2
O-O 9. Nbd2 Re8 10. Qc2 a5 11. a3 Qe7 12. h3 Bf5 13. Rfd1 h6 14. e4 dxe4 15.
dxe4 Bh7 16. Nh4 Qe6 17. Bc3 b5 18. Nf5 Bf8 19. h4 Nc5 20. Bh3 Nfxe4 21. Nxe4
Bxf5 22. Nxc5 Bxc2 23. Nxe6 fxe6 24. Rd7 Bxb3 25. cxb5 cxb5 26. Bxe5 Red8 27.
Rb7 Bc4 28. Rc1 Rd2 29. a4 Re2 30. Ba1 Bc5 31. Rxg7+ Kf8 32. Bg2 Rxf2 33. Kh1
Rd8 34. Rc7 Rdd2 35. Rg1 Bd6 36. Bg7+ Kg8 37. Rd7 Bd5 38. Bd4 Rxg2 39. Rxg2
Bxg2+ 40. Kg1 Rxd4 41. Kxg2 bxa4 42. Ra7 Bb4 43. Ra6 a3 44. Rc6 a2 45. Rc1 Bc3
46. Kh3 a1=Q 47. Rxa1 Bxa1 0-1

[Event "Excelsior October op"]
[Site "Toronto CAN"]
[Date "2023.10.29"]
[Round "5.8"]
[White "Zhong, April"]
[Black "Zhao, Jifan"]
[Result "0-1"]
[WhiteElo "1919"]
[BlackElo "2036"]
[PlyCount "52"]
[EventDate "2023.10.27"]
[EventType "swiss"]
[EventRounds "5"]
[EventCountry "CAN"]

1. e4 e6 2. d4 d5 3. Nd2 Be7 4. Bd3 c5 5. dxc5 Nf6 6. Qe2 Nc6 7. Ngf3 Bxc5 8.
a3 O-O 9. O-O Qc7 10. c4 Nd4 11. Nxd4 Bxd4 12. exd5 exd5 13. h3 dxc4 14. Nxc4
Bxh3 15. gxh3 Qg3+ 16. Kh1 Qxh3+ 17. Kg1 Qg3+ 18. Kh1 Qh3+ 19. Kg1 Rae8 20. Qc2
Ng4 21. Bf4 g5 22. Bd6 Re5 23. Bxe5 Bxe5 24. Bxh7+ Kh8 25. Rfd1 Bh2+ 26. Kh1
Qf3# 0-1

[Event "Excelsior October op"]
[Site "Toronto CAN"]
[Date "2023.10.29"]
[Round "5.9"]
[White "Leung, Joseph"]
[Black "Wang, Andy"]
[Result "1/2-1/2"]
[WhiteElo "1902"]
[BlackElo "1984"]
[PlyCount "25"]
[EventDate "2023.10.27"]
[EventType "swiss"]
[EventRounds "5"]
[EventCountry "CAN"]

1. e4 e5 2. Nf3 Nc6 3. Bb5 a6 4. Ba4 Nf6 5. O-O b5 6. Bb3 Bc5 7. a4 Rb8 8. c3
d6 9. d4 Bb6 10. axb5 axb5 11. Qd3 Bd7 12. Na3 exd4 13. cxd4 1/2-1/2

[Event "Excelsior October op"]
[Site "Toronto CAN"]
[Date "2023.10.29"]
[Round "5.11"]
[White "Maulucci, Anthony"]
[Black "Loadman, Ian"]
[Result "1/2-1/2"]
[WhiteElo "2019"]
[BlackElo "2098"]
[PlyCount "119"]
[EventDate "2023.10.27"]
[EventType "swiss"]
[EventRounds "5"]
[EventCountry "CAN"]

1. d4 Nf6 2. c4 g6 3. Nc3 Bg7 4. e4 d6 5. Nge2 O-O 6. f3 Nc6 7. Be3 a6 8. Qd2
Na5 9. Nc1 Rb8 10. h4 h5 11. Nb3 c6 12. c5 Nxb3 13. axb3 dxc5 14. dxc5 Qxd2+
15. Kxd2 Be6 16. Kc2 Nd7 17. Be2 f5 18. Rad1 f4 19. Bf2 Ne5 20. Na4 Rbd8 21.
Nb6 Kf7 22. Bd4 Rxd4 23. Rxd4 Nxf3 24. Rd3 Nd4+ 25. Kd1 Nxb3 26. Rf1 Kg8 27.
Nd7 Bxd7 28. Rxb3 Bc8 29. Rbf3 Be5 30. b4 Be6 31. Rd3 Ra8 32. Kc1 Kg7 33. Rfd1
Bc7 34. R1d2 Rf8 35. Kb1 Kh6 36. Bd1 Rc8 37. Bb3 Bg4 38. Rc2 Be5 39. Rc1 Rf8
40. Ka2 Bc7 41. Ka3 Be5 42. Ka4 Ra8 43. Bd1 Be6 44. Be2 Bc7 45. Rcd1 Rc8 46.
Rd7 Bxd7 47. Rxd7 Kg7 48. Rxe7+ Kf6 49. Rh7 Ke5 50. Bc4 b5+ 51. cxb6 Bxb6 52.
Re7+ Kd4 53. Bf7 c5 54. Re6 Rb8 55. bxc5 Bxc5 56. Bxg6 Rb4+ 57. Ka5 Rb2 58.
Kxa6 Rxg2 59. Bxh5 Rh2 60. Rf6 1/2-1/2

[Event "Excelsior September FIDE Ladder"]
[Site "Toronto CAN"]
[Date "2023.09.30"]
[Round "1.1"]
[White "Tian, Dylan"]
[Black "Oancea, Nicolae"]
[Result "0-1"]
[WhiteElo "1948"]
[BlackElo "1060"]
[PlyCount "100"]
[EventDate "2023.09.30"]
[EventType "swiss"]
[EventRounds "5"]
[EventCountry "CAN"]

1. d4 d5 2. c4 dxc4 3. e3 Nf6 4. Nc3 e6 5. Bxc4 Nc6 6. Bd2 Be7 7. Nge2 a6 8. a4
b6 9. O-O Bb7 10. f3 O-O 11. Be1 e5 12. d5 Na5 13. Ba2 Qd7 14. Bf2 b5 15. axb5
axb5 16. e4 b4 17. Na4 Qb5 18. b3 Rfd8 19. Qe1 Ba6 20. Ng3 h5 21. Nf5 Bf8 22.
Nb2 Qxf1+ 23. Qxf1 Bxf1 24. Rxf1 g6 25. Ne3 Bc5 26. Nc2 Bxf2+ 27. Kxf2 c5 28.
Nd1 c4 29. Bb1 Nxb3 30. Nde3 Nd2 31. Rd1 Nxb1 32. Rxb1 b3 33. Nb4 Ra4 34. Nc6
Rda8 35. Ne7+ Kf8 36. Nc6 h4 37. h3 Ra2+ 38. Kf1 Ra1 39. Rd1 Rxd1+ 40. Nxd1 Ra1
41. Ke2 b2 42. Nc3 b1=Q 43. Nxb1 Rxb1 44. Nxe5 Rb2+ 45. Kf1 c3 46. d6 c2 47.
Nd3 Rb1+ 48. Ke2 Rd1 49. Nc1 Rxc1 50. Kd2 Rd1+ 0-1

[Event "Excelsior September FIDE Ladder"]
[Site "Toronto CAN"]
[Date "2023.09.30"]
[Round "1.2"]
[White "Ali, Shafkat"]
[Black "Battiston, Michael"]
[Result "1-0"]
[WhiteElo "1659"]
[BlackElo "1076"]
[PlyCount "79"]
[EventDate "2023.09.30"]
[EventType "swiss"]
[EventRounds "5"]
[EventCountry "CAN"]

1. e4 c6 2. d4 d5 3. exd5 cxd5 4. c4 Bf5 5. Nc3 Nf6 6. Bg5 e6 7. Nf3 Be7 8. c5
O-O 9. Bd3 Bxd3 10. Qxd3 h6 11. Bh4 Nc6 12. a3 b6 13. b4 bxc5 14. dxc5 d4 15.
Nb5 e5 16. Bxf6 Bxf6 17. Nd6 Be7 18. Nf5 Re8 19. Qe4 Rc8 20. O-O Bg5 21. Nd6 f5
22. Qxf5 e4 23. Nxg5 Qxg5 24. Qf7+ Kh7 25. Nxe8 e3 26. Qxg7+ Qxg7 27. Nxg7 Kxg7
28. fxe3 dxe3 29. Rae1 Re8 30. Rf3 e2 31. Kf2 Nd4 32. Rf4 Rd8 33. Rxd4 Rxd4 34.
Rxe2 a5 35. b5 Kf6 36. Rc2 Ke6 37. c6 Rd8 38. c7 Rc8 39. b6 Kd7 40. Rd2+ 1-0